000 00697nam a2200241 a 4500
001 BRCA_3698
005 20190320204403.0
008 080909s1961----fr-a---###---#000-0#fre-#
041 _afre
044 _afr
050 4 _aNK2547
_b.M48 9
_c1961
100 1 _aFayet, Monique de
_97834
245 1 0 _aMeubles et ensembles
_bRenaissance espagnole
_cpar Monique de Fayet.
260 _aParis
_bCh. Massin
_ec1961
300 _a1 v. (sin paginación)
_bil., 36 làminas
_c29 cm.
440 0 _aMeubles et ensembles
_v9
_99608
500 _aIncluye lista de láminas
500 _aB335
650 1 4 _aMuebles
_zEspaña
_93568
650 1 4 _aMuebles renacentistas
_97835
902 _aGFM
942 _2lcc
_cB
999 _c3428
_d3428